000 00349 a2200157 4500
001 187592
020 _a978-85-10-04198-0-0
040 _cMagnum
100 _aCasasanta, Therezinha
240 1 0 _aO canguruzinho fujão
_lpor
245 1 0 _aO canguruzinho fujão
300 _a20
362 0 _a2008
697 _aLITERATURA INFANTIL
942 _cBK
999 _c187592
_d187592